[Event "Benidorm 2003 - sub2300"]
[Site "Benidorm ESP"]
[Date "2003.11.25"]
[Round "6.21"]
[White "Mogranzini, Roberto"]
[Black "Gonzalez Marrero, Jacob"]
[Result "1/2-1/2"]
[WhiteElo "2172"]
[BlackElo "2229"]
[PlyCount "85"]
[EventDate "2003.11.21"]
[EventType "swiss"]
[EventRounds "9"]
[EventCountry "ESP"]
[Source "lmi"]
[SourceDate "2003.11.21"]

1. e4 c5 2. Nf3 e6 3. d4 cxd4 4. Nxd4 Qb6 5. Nb3 Qc7 6. Nc3 a6 7. a4 b6 8. g3
Bb7 9. Bg2 Bb4 10. O-O Nf6 11. Na2 Be7 12. Re1 d6 13. Nc3 O-O 14. g4 Nc6 15. g5
Nd7 16. f4 Rfe8 17. Qh5 g6 18. Qh4 Rac8 19. Be3 Na5 20. Nxa5 bxa5 21. Re2 Nb6
22. Rf1 Nc4 23. Bd4 h5 24. b3 e5 25. Bf2 Nb6 26. Be1 exf4 27. Qxf4 Bf8 28. Nd1
Bg7 29. Bxa5 Qc5+ 30. Kh1 Re7 31. Qd2 Be5 32. Bb4 Qc7 33. Nf2 Nd7 34. Nd3 Nc5
35. Ba5 Qd7 36. Nxc5 Rxc5 37. Bb4 Rc6 38. c4 Qg4 39. Rf3 Rb6 40. c5 Rxb4 41.
Qxb4 dxc5 42. Qxc5 Qxg5 43. Qe3 1/2-1/2

[Event "Benidorm 2003 - sub2300"]
[Site "Benidorm ESP"]
[Date "2003.11.25"]
[Round "6.22"]
[White "Cano Sanchez, Josue"]
[Black "Angel Acosta, Juan Carlos"]
[Result "0-1"]
[WhiteElo "2224"]
[BlackElo "2151"]
[PlyCount "98"]
[EventDate "2003.11.21"]
[EventType "swiss"]
[EventRounds "9"]
[EventCountry "ESP"]
[Source "lmi"]
[SourceDate "2003.11.21"]

1. d4 Nf6 2. Nf3 e6 3. Bg5 c5 4. e3 Qb6 5. Nbd2 cxd4 6. exd4 Be7 7. Nc4 Qc7 8.
Bd3 b5 9. Ne3 Bb7 10. O-O a6 11. Re1 d6 12. c3 Nbd7 13. a4 bxa4 14. Rxa4 O-O
15. Nd2 Nb6 16. Ra3 Nbd5 17. Nec4 h6 18. Bxf6 Nxf6 19. Na5 Bc8 20. Qf3 d5 21.
b4 Bd6 22. h3 Kh8 23. Qe2 Nd7 24. Nf3 Rd8 25. Kh1 Nf8 26. Ne5 f6 27. Nf3 Kg8
28. Qa2 Rd7 29. Nb3 Qb6 30. Ra1 Rda7 31. Ra5 Bb8 32. Nc5 Qd6 33. Kg1 Bc7 34.
Ra3 a5 35. Nb3 e5 36. Nxa5 Kh8 37. Qb1 Bxa5 38. Rxa5 Rxa5 39. Rxa5 Rxa5 40.
bxa5 e4 41. a6 exd3 42. a7 Qa6 43. Qb8 Nd7 44. h4 Nb6 45. Qxb6 Qxb6 46. a8=Q
Qc7 47. Qxd5 Qxc3 48. h5 Bg4 49. Qa8+ Kh7 0-1

[Event "Benidorm 2003 - sub2300"]
[Site "Benidorm ESP"]
[Date "2003.11.25"]
[Round "6.23"]
[White "Ercan, Mehmet Fahri"]
[Black "Celaya Tapiz, Jose Maria"]
[Result "0-1"]
[WhiteElo "2075"]
[BlackElo "2213"]
[PlyCount "92"]
[EventDate "2003.11.21"]
[EventType "swiss"]
[EventRounds "9"]
[EventCountry "ESP"]
[Source "lmi"]
[SourceDate "2003.11.21"]

1. d4 d5 2. c4 e6 3. Nc3 Nf6 4. Bg5 Be7 5. Nf3 Nbd7 6. e3 O-O 7. Rc1 c6 8. a3
h6 9. Bh4 Ne4 10. Bxe7 Qxe7 11. Bd3 Nxc3 12. Rxc3 dxc4 13. Bxc4 b6 14. O-O Bb7
15. Qe2 c5 16. Ba6 Bxf3 17. Qxf3 cxd4 18. exd4 Nf6 19. Rd1 Rad8 20. h3 Rd6 21.
Rdc1 Rxd4 22. Rc7 Rd7 23. Qb7 Rfd8 24. Qxa7 Rxc7 25. Qxc7 Rd1+ 26. Kh2 Qxc7+
27. Rxc7 Rd2 28. Rc8+ Kh7 29. b3 Rxf2 30. Bd3+ g6 31. Rc6 Rd2 32. Bb5 Rb2 33.
Bc4 b5 34. Bxb5 Rxb3 35. a4 Ra3 36. Rc7 Kg7 37. Ra7 h5 38. Kg1 Ne4 39. Kf1 Ra1+
40. Ke2 Nc3+ 41. Kd3 Nxb5 42. Ra6 Nc7 43. Ra7 Nd5 44. a5 Ra4 45. g3 Nb4+ 46.
Kc3 Nc6 0-1

[Event "Benidorm 2003 - sub2300"]
[Site "Benidorm ESP"]
[Date "2003.11.25"]
[Round "6.24"]
[White "Cordon Gutierrez, Juan Pedro"]
[Black "Fossum, Oystein Boyum"]
[Result "1-0"]
[WhiteElo "2209"]
[BlackElo "2098"]
[PlyCount "79"]
[EventDate "2003.11.21"]
[EventType "swiss"]
[EventRounds "9"]
[EventCountry "ESP"]
[Source "lmi"]
[SourceDate "2003.11.21"]

1. d4 f5 2. g3 Nf6 3. Bg2 e6 4. b3 c6 5. Bb2 d5 6. Nh3 Bd6 7. Nf4 O-O 8. Nd3 b6
9. Nd2 Bb7 10. O-O Qe7 11. Nf3 a5 12. Nfe5 a4 13. f3 a3 14. Bc1 Na6 15. c3 Nc7
16. Re1 c5 17. e3 cxd4 18. exd4 Nb5 19. Bd2 Rfc8 20. Rc1 Rc7 21. Re3 Rac8 22.
Qe1 g5 23. Bf1 Na7 24. Nf2 Ne8 25. Bd3 Ng7 26. Re2 Nc6 27. f4 g4 28. h3 h5 29.
hxg4 hxg4 30. Nexg4 fxg4 31. Nxg4 Kf7 32. f5 Rh8 33. f6 Qf8 34. Nh6+ Kxf6 35.
Rf2+ Nf5 36. Nxf5 Rh1+ 37. Kxh1 Qh8+ 38. Nh4+ Ke7 39. Kg2 Kd8 40. Qxe6 1-0

[Event "Benidorm 2003 - sub2300"]
[Site "Benidorm ESP"]
[Date "2003.11.25"]
[Round "6.25"]
[White "Guez, Fabien"]
[Black "Rouzaud, Philippe"]
[Result "1/2-1/2"]
[WhiteElo "2158"]
[BlackElo "2284"]
[PlyCount "78"]
[EventDate "2003.11.21"]
[EventType "swiss"]
[EventRounds "9"]
[EventCountry "ESP"]
[Source "lmi"]
[SourceDate "2003.11.21"]

1. c4 Nf6 2. Nf3 g6 3. b3 Bg7 4. Bb2 O-O 5. g3 b6 6. Bg2 Bb7 7. O-O c5 8. Nc3
e6 9. Qc2 Nc6 10. Rad1 Qe7 11. d4 d6 12. e4 e5 13. dxc5 bxc5 14. Nd5 Nxd5 15.
exd5 Nd4 16. Nxd4 exd4 17. Rfe1 Qd7 18. b4 Rfe8 19. Ba3 Bf8 20. h4 Rxe1+ 21.
Rxe1 Re8 22. Rxe8 Qxe8 23. bxc5 Qe1+ 24. Bf1 dxc5 25. Qe2 Qxe2 26. Bxe2 Bc8 27.
Bd3 Be7 28. Kf1 Kf8 29. Ke2 Ke8 30. Bc1 Kd7 31. Bf4 Bd6 32. Bh6 Kc7 33. Bd2
Bg4+ 34. Ke1 Kb6 35. Bc2 Bc7 36. Bd3 Ka6 37. Bc2 Ba5 38. Be4 Bxd2+ 39. Kxd2 Kb6
1/2-1/2

[Event "Benidorm 2003 - sub2300"]
[Site "Benidorm ESP"]
[Date "2003.11.25"]
[Round "6.26"]
[White "Van Hoolandt, Patrick"]
[Black "Carnicero Rodriguez, Luis"]
[Result "1/2-1/2"]
[WhiteElo "2272"]
[BlackElo "2146"]
[PlyCount "130"]
[EventDate "2003.11.21"]
[EventType "swiss"]
[EventRounds "9"]
[EventCountry "ESP"]
[Source "lmi"]
[SourceDate "2003.11.21"]

1. c4 e5 2. g3 Nf6 3. Bg2 d5 4. cxd5 Nxd5 5. Nf3 Nc6 6. Nc3 Nb6 7. a3 a5 8. d3
Be7 9. O-O O-O 10. Be3 Be6 11. Rc1 f5 12. Na4 Nxa4 13. Qxa4 Bd5 14. Qb5 Bf6 15.
Bc5 Re8 16. e4 fxe4 17. dxe4 Bxe4 18. Rfd1 Nd4 19. Nxd4 exd4 20. Bxe4 Rxe4 21.
Qxb7 Re8 22. b4 d3 23. Be3 axb4 24. Qxb4 Qd5 25. Qc5 Red8 26. Rd2 Ra5 27. Qxc7
Rxa3 28. Rcd1 h6 29. Qc5 Rb3 30. Qxd5+ Rxd5 31. Kg2 Kf7 32. f4 Ke6 33. Kf3 g6
34. h3 h5 35. Ra2 Rd6 36. Bd2 Kd5 37. Ra4 Kc6 38. Ra6+ Kd5 39. Rxd6+ Kxd6 40.
Ke4 Bd8 41. Be3 Bc7 42. Bd4 Ke6 43. g4 hxg4 44. hxg4 Bb8 45. f5+ gxf5+ 46.
gxf5+ Kf7 47. Rd2 Bc7 48. Rg2 Ba5 49. Be3 d2 50. Bxd2 Bxd2 51. Rxd2 Rb6 52. Kf4
Rb1 53. Rd7+ Kf6 54. Rd6+ Kf7 55. Rd3 Rf1+ 56. Rf3 Rxf3+ 57. Kxf3 Kf6 58. Kf4
Kf7 59. Ke5 Ke7 60. f6+ Kf7 61. Kf5 Kf8 62. Kg5 Kf7 63. Kf5 Kf8 64. Ke6 Ke8 65.
f7+ Kf8 1/2-1/2

[Event "Benidorm 2003 - sub2300"]
[Site "Benidorm ESP"]
[Date "2003.11.25"]
[Round "6.27"]
[White "Varga, Mariano"]
[Black "Fernandez Garcia, Juan Carlos"]
[Result "0-1"]
[WhiteElo "2266"]
[BlackElo "2127"]
[PlyCount "155"]
[EventDate "2003.11.21"]
[EventType "swiss"]
[EventRounds "9"]
[EventCountry "ESP"]
[Source "lmi"]
[SourceDate "2003.11.21"]

1. e4 d6 2. d4 Nf6 3. Nc3 c6 4. f4 Qa5 5. Bd3 e5 6. Nf3 Bg4 7. fxe5 dxe5 8.
dxe5 Nfd7 9. e6 Bxe6 10. Ng5 Qe5 11. O-O Be7 12. Nxe6 Qxe6 13. Kh1 Ne5 14. Ne2
Bc5 15. Nf4 Qe7 16. Nh5 O-O 17. Ng3 g6 18. Bh6 Re8 19. Qd2 Nbd7 20. Rae1 Rad8
21. Qf4 f6 22. Qh4 Qe6 23. Be2 Bf8 24. Be3 Bg7 25. b3 Re7 26. Bd1 b6 27. Bc1 c5
28. Ne2 Rde8 29. Nf4 Qc6 30. Nd5 Re6 31. Re3 Nf7 32. Rh3 Rxe4 33. Qxh7+ Kf8 34.
c4 Re1 35. Rhf3 f5 36. Bd2 Rxf1+ 37. Rxf1 Nfe5 38. Bh6 Bxh6 39. Qxh6+ Kg8 40.
h4 Nf7 41. Qd2 Re4 42. h5 Kg7 43. Bf3 Rh4+ 44. Kg1 Rd4 45. Qe3 Nde5 46. Nf4
Nxf3+ 47. Rxf3 Re4 48. Qc3+ Qf6 49. Qxf6+ Kxf6 50. hxg6 Ne5 51. Nd5+ Kxg6 52.
Re3 Rxe3 53. Nxe3 Nd3 54. Nd5 f4 55. Kf1 Kf5 56. Ke2 Nc1+ 57. Kf3 Nxa2 58. Nxf4
Nc1 59. g4+ Kg5 60. Nh3+ Kg6 61. Nf4+ Kf7 62. g5 Nxb3 63. Kg4 Nd4 64. Kh5 Kg7
65. Nd5 b5 66. cxb5 Nxb5 67. g6 Nd4 68. Nc7 Nf5 69. Ne6+ Kf6 70. Nxc5 Ne7 71.
Na6 Nxg6 72. Kg4 Ke5 73. Kf3 Kd4 74. Ke2 Nf4+ 75. Kd2 Kc4 76. Kc2 Nd5 77. Kb2
Kb5 78. Nb8 0-1

[Event "Benidorm 2003 - sub2300"]
[Site "Benidorm ESP"]
[Date "2003.11.25"]
[Round "6.28"]
[White "Mihailovs, Jurijs"]
[Black "Ibanez Terradellas, Eduardo"]
[Result "1/2-1/2"]
[WhiteElo "2152"]
[BlackElo "2257"]
[PlyCount "66"]
[EventDate "2003.11.21"]
[EventType "swiss"]
[EventRounds "9"]
[EventCountry "ESP"]
[Source "lmi"]
[SourceDate "2003.11.21"]

1. d4 d5 2. c4 Nc6 3. Nc3 dxc4 4. d5 Ne5 5. f4 Ng4 6. h3 N4f6 7. e4 e6 8. dxe6
Qxd1+ 9. Kxd1 Bxe6 10. f5 O-O-O+ 11. Kc2 Nxe4 12. fxe6 Ng3 13. Bxc4 Nxh1 14.
Nge2 Bc5 15. Ne4 Bb6 16. exf7 Nf6 17. Nxf6 gxf6 18. Bh6 Nf2 19. Bg7 Ne4 20. Nf4
Rd2+ 21. Kb3 Rhd8 22. f8=Q Rxf8 23. Bxf8 Bd4 24. Nd3 Rxg2 25. Bh6 Rg3 26. Re1
Nf2 27. Kc2 Nxh3 28. Re7 a6 29. Rxh7 Ng5 30. Rg7 Rg2+ 31. Kb3 b5 32. Be6+ Kb8
33. Bxg5 fxg5 1/2-1/2

[Event "Benidorm 2003 - sub2300"]
[Site "Benidorm ESP"]
[Date "2003.11.25"]
[Round "6.29"]
[White "Palma Macias, Jose Alberto"]
[Black "Radovanovic, Jovica"]
[Result "1/2-1/2"]
[WhiteElo "2149"]
[BlackElo "2219"]
[PlyCount "139"]
[EventDate "2003.11.21"]
[EventType "swiss"]
[EventRounds "9"]
[EventCountry "ESP"]
[Source "lmi"]
[SourceDate "2003.11.21"]

1. e4 c5 2. Nf3 d6 3. d4 cxd4 4. Nxd4 Nf6 5. Nc3 Nc6 6. Bg5 e6 7. Qd2 a6 8.
O-O-O h6 9. Be3 Be7 10. f3 Nxd4 11. Qxd4 b5 12. g4 Bb7 13. Rg1 Qa5 14. Kb1 b4
15. Ne2 e5 16. Qb6 Qxb6 17. Bxb6 d5 18. Ng3 dxe4 19. Nxe4 Nxe4 20. fxe4 Rc8 21.
Bd3 Bc5 22. Bxc5 Rxc5 23. b3 Ke7 24. Kb2 Rd8 25. a3 bxa3+ 26. Kxa3 Rd4 27. Rge1
Rc6 28. b4 Rf6 29. c3 Rdd6 30. Bc4 Rxd1 31. Rxd1 Rf4 32. h3 Rf3 33. Kb3 Rxh3
34. Ra1 Rg3 35. Bxa6 Bxe4 36. Bc4 Rxg4 37. Ra7+ Kd6 38. Rxf7 Bd5 39. Bxd5 Kxd5
40. c4+ Rxc4 41. Rd7+ Kc6 42. Rxg7 Rh4 43. Kc3 h5 44. Rg6+ Kd5 45. b5 Rh3+ 46.
Kd2 h4 47. b6 Rh2+ 48. Kc3 Rh3+ 49. Kd2 Rg3 50. Rh6 h3 51. b7 Rb3 52. Rh7 e4
53. Rxh3 Rxb7 54. Ra3 Rb2+ 55. Ke3 Rb5 56. Ke2 Kd4 57. Ra4+ Ke5 58. Ra8 Rd5 59.
Ra7 Rc5 60. Re7+ Kd5 61. Rd7+ Ke6 62. Rd8 Rc3 63. Re8+ Kd5 64. Rd8+ Ke5 65.
Re8+ Kf4 66. Rf8+ Kg5 67. Rg8+ Kf6 68. Rf8+ Ke6 69. Re8+ Kd5 70. Rd8+ 1/2-1/2

[Event "Benidorm 2003 - sub2300"]
[Site "Benidorm ESP"]
[Date "2003.11.25"]
[Round "6.30"]
[White "Martinez Torho, Jorge"]
[Black "Martin Rodriguez, Emilio"]
[Result "1-0"]
[WhiteElo "2218"]
[BlackElo "2125"]
[PlyCount "97"]
[EventDate "2003.11.21"]
[EventType "swiss"]
[EventRounds "9"]
[EventCountry "ESP"]
[Source "lmi"]
[SourceDate "2003.11.21"]

1. e4 c6 2. d4 d5 3. e5 g6 4. Bd3 Bg7 5. Ne2 c5 6. c3 Nc6 7. a3 cxd4 8. cxd4
Nh6 9. Nbc3 Bf5 10. Bxh6 Bxh6 11. Bxf5 gxf5 12. Qb3 Qd7 13. Qxd5 Qxd5 14. Nxd5
O-O-O 15. Ne3 Nxd4 16. Nxd4 Rxd4 17. Nxf5 Re4+ 18. Kf1 Bg5 19. Re1 Rxe1+ 20.
Kxe1 Kd7 21. Ke2 Rc8 22. Kd3 Rc1 23. Rxc1 Bxc1 24. Kc3 Bf4 25. Kd4 Bc1 26. Kc3
Ke6 27. Ne3 Bxe3 28. fxe3 Kxe5 29. Kd3 Kd5 30. e4+ Ke5 31. Ke3 f5 32. exf5 Kxf5
33. h3 h5 34. g3 Ke5 35. g4 hxg4 36. hxg4 b6 37. Kf3 Kf6 38. Kf4 Kg6 39. g5 e6
40. b4 a5 41. b5 a4 42. Ke5 Kxg5 43. Kxe6 Kf4 44. Kd5 Ke3 45. Kc6 Kd4 46. Kxb6
Kc4 47. Ka5 Kb3 48. b6 Kxa3 49. b7 1-0

[Event "Benidorm 2003 - sub2300"]
[Site "Benidorm ESP"]
[Date "2003.11.25"]
[Round "6.31"]
[White "Correas Gonzalez, Jose Ramon"]
[Black "Vuilleumier, Alex"]
[Result "0-1"]
[WhiteElo "2107"]
[BlackElo "2216"]
[PlyCount "55"]
[EventDate "2003.11.21"]
[EventType "swiss"]
[EventRounds "9"]
[EventCountry "ESP"]
[Source "lmi"]
[SourceDate "2003.11.21"]

1. e4 c5 2. Nf3 d6 3. d4 cxd4 4. Nxd4 Nf6 5. Nc3 Nc6 6. Bc4 e6 7. Be3 a6 8. Qe2
Na5 9. Bd3 b5 10. a4 b4 11. Na2 e5 12. Nf3 Nc6 13. O-O Be7 14. Nc1 O-O 15. Nb3
Bg4 16. a5 d5 17. Bb6 Qd7 18. Rad1 d4 19. Bxa6 Bxf3 20. gxf3 Nh5 21. f4 Nxf4
22. Qf3 Rxa6 23. Bxd4 Qh3 24. Qxh3 Nxh3+ 25. Kg2 Nf4+ 26. Kf3 Nxd4+ 27. Nxd4
exd4 28. Kxf4 0-1

[Event "Benidorm 2003 - sub2300"]
[Site "Benidorm ESP"]
[Date "2003.11.25"]
[Round "6.32"]
[White "Fernandez Otero, Jose"]
[Black "Fernandez De Pablo, Miguel"]
[Result "0-1"]
[WhiteElo "2104"]
[BlackElo "2209"]
[PlyCount "102"]
[EventDate "2003.11.21"]
[EventType "swiss"]
[EventRounds "9"]
[EventCountry "ESP"]
[Source "lmi"]
[SourceDate "2003.11.21"]

1. e4 c5 2. Nf3 Nc6 3. d4 cxd4 4. Nxd4 Nf6 5. Nc3 e5 6. Ndb5 d6 7. Bg5 a6 8.
Na3 b5 9. Nd5 Be7 10. Bxf6 Bxf6 11. c3 Bg5 12. Nc2 Rb8 13. a4 bxa4 14. Ncb4
Nxb4 15. Nxb4 Bd7 16. Bxa6 Qa5 17. Qe2 Rxb4 18. cxb4 Qxb4+ 19. Kf1 O-O 20. h4
Be7 21. Rd1 Rb8 22. Rd2 Rb5 23. Kg1 Rc5 24. g3 Bg4 25. Qe3 Bf3 26. Kh2 Bxe4 27.
Rhd1 Bc6 28. Bd3 Qg4 29. Be2 Qe6 30. Bf3 d5 31. Qe2 e4 32. Bg2 Bb5 33. Qe3 h6
34. Bh3 Qd6 35. b3 axb3 36. Qxb3 Bc4 37. Qb7 Bxh4 38. Rd4 Qe5 39. Qd7 Bf6 40.
Bf5 g6 41. Bh3 h5 42. Qa7 Be7 43. Qa8+ Kg7 44. Qe8 h4 45. Bg2 hxg3+ 46. fxg3
Bb5 47. Qa8 Bd6 48. Qa1 Qxg3+ 49. Kg1 Qh2+ 50. Kf2 Bg3+ 51. Ke3 Qh6# 0-1

[Event "Benidorm 2003 - sub2300"]
[Site "Benidorm ESP"]
[Date "2003.11.25"]
[Round "6.35"]
[White "Dura Olmos, Gines Raul"]
[Black "Burriel Rosello, Carlos"]
[Result "1/2-1/2"]
[WhiteElo "2056"]
[BlackElo "2197"]
[PlyCount "70"]
[EventDate "2003.11.21"]
[EventType "swiss"]
[EventRounds "9"]
[EventCountry "ESP"]
[Source "lmi"]
[SourceDate "2003.11.21"]

1. e4 c5 2. Nf3 d6 3. d4 Nf6 4. Nc3 cxd4 5. Nxd4 a6 6. Bg5 e6 7. f4 Be7 8. Qf3
Qc7 9. O-O-O Nbd7 10. Bd3 h6 11. Bh4 g5 12. fxg5 Ne5 13. Qe3 Nfg4 14. Qe2 hxg5
15. Bg3 Bd7 16. Nf3 O-O-O 17. h3 Nxd3+ 18. Rxd3 Ne5 19. Nxe5 dxe5 20. Rf1 f6
21. Rfd1 b6 22. Bf2 Kb7 23. a4 Bc6 24. a5 bxa5 25. Qe3 Ka8 26. b3 Bb5 27. Nxb5
axb5 28. Rxd8+ Rxd8 29. Rxd8+ Bxd8 30. Qd3 b4 31. Qa6+ Kb8 32. Qxe6 Qb7 33. Qe8
Kc8 34. Qe6+ Kb8 35. Qe8 Kc8 1/2-1/2

[Event "Benidorm 2003 - sub2300"]
[Site "Benidorm ESP"]
[Date "2003.11.25"]
[Round "6.38"]
[White "Delgado Pico, Lluis"]
[Black "Stockmann, Helmut"]
[Result "0-1"]
[WhiteElo "2052"]
[BlackElo "2171"]
[PlyCount "121"]
[EventDate "2003.11.21"]
[EventType "swiss"]
[EventRounds "9"]
[EventCountry "ESP"]
[Source "lmi"]
[SourceDate "2003.11.21"]

1. d4 Nf6 2. Nf3 e6 3. Bf4 b6 4. e3 Bb7 5. Nbd2 Be7 6. h3 O-O 7. Bd3 d5 8. Qe2
c5 9. c3 Nbd7 10. Ne5 a6 11. a4 Ne4 12. O-O f6 13. Nxd7 Qxd7 14. f3 Nxd2 15.
Qxd2 Bd6 16. Qc2 Bxf4 17. exf4 g6 18. Rfe1 Rfe8 19. Re3 Kg7 20. Bf1 Qd6 21.
Rae1 Kf7 22. g3 Re7 23. h4 Rae8 24. h5 e5 25. hxg6+ hxg6 26. dxe5 fxe5 27. f5
e4 28. fxg6+ Qxg6 29. fxe4 Kg7 30. Bg2 dxe4 31. Rf1 Rf7 32. Rxf7+ Qxf7 33. Qe2
Qf5 34. b4 Re7 35. Qf2 Qe5 36. Qe2 cxb4 37. cxb4 Kf8 38. Qd1 Ke8 39. Qe1 Qd4
40. Kh2 Rh7+ 41. Kg1 Rc7 42. Kh2 Rc2 43. a5 b5 44. Kh1 Rc4 45. Qe2 Rc1+ 46. Kh2
Qh8+ 47. Bh3 Qe5 48. Bg2 Rc4 49. Qg4 Kd8 50. Qg8+ Kc7 51. Qf7+ Kb8 52. Rd3 Qh8+
53. Kg1 Rc1+ 54. Kf2 Rc2+ 55. Kg1 Rxg2+ 56. Kxg2 exd3+ 57. Kf2 Qh2+ 58. Ke3
Qe2+ 59. Kd4 Qe4+ 60. Kc3 Qc4+ 61. Kd2 0-1

[Event "Benidorm 2003 - sub2300"]
[Site "Benidorm ESP"]
[Date "2003.11.25"]
[Round "6.40"]
[White "Sanz Montarelo, Teodoro"]
[Black "Yepes Martinez, Eduardo"]
[Result "0-1"]
[WhiteElo "2160"]
[BlackElo "2298"]
[PlyCount "70"]
[EventDate "2003.11.21"]
[EventType "swiss"]
[EventRounds "9"]
[EventCountry "ESP"]
[Source "lmi"]
[SourceDate "2003.11.21"]

1. e4 e6 2. d4 d5 3. Nc3 Nf6 4. Bg5 Be7 5. e5 Nfd7 6. Bxe7 Qxe7 7. f4 a6 8. Qd2
b6 9. Nf3 c5 10. Ne2 Nc6 11. c3 a5 12. f5 Ba6 13. Nf4 Bxf1 14. Rxf1 O-O-O 15.
Kf2 Nf8 16. Qc2 Kb7 17. a3 exf5 18. Qxf5 Ne6 19. Nxe6 fxe6 20. Qd3 Rdf8 21. Kg1
Rf5 22. b4 c4 23. Qe2 Rhf8 24. Rab1 a4 25. Qf2 g5 26. Qg3 h6 27. Qg4 Qh7 28.
Qh5 Rf4 29. Rbc1 Qd3 30. h3 R8f7 31. Qxh6 g4 32. Nh2 Qe3+ 33. Kh1 Rxf1+ 34.
Rxf1 Rxf1+ 35. Nxf1 Qxh6 0-1

[Event "Benidorm 2003 - sub2300"]
[Site "Benidorm ESP"]
[Date "2003.11.25"]
[Round "6.41"]
[White "Iglesias Valle, Enrique Rafael"]
[Black "Rodriguez Cordon, Luis"]
[Result "0-1"]
[WhiteElo "2132"]
[BlackElo "2271"]
[PlyCount "84"]
[EventDate "2003.11.21"]
[EventType "swiss"]
[EventRounds "9"]
[EventCountry "ESP"]
[Source "lmi"]
[SourceDate "2003.11.21"]

1. d4 Nf6 2. c4 g6 3. Nc3 d5 4. cxd5 Nxd5 5. Nf3 Bg7 6. g3 O-O 7. Bg2 Nc6 8.
O-O Nb6 9. e3 e5 10. dxe5 Qe7 11. Qe2 Nxe5 12. Nxe5 Qxe5 13. e4 Be6 14. Bf4 Qc5
15. Rfc1 Bc4 16. Qc2 c6 17. Be3 Qe5 18. Bf4 Qe7 19. Rd1 Rfd8 20. Rac1 Be6 21.
b3 Bg4 22. Ne2 Rd7 23. Be3 Rad8 24. f3 Be6 25. Kf2 f5 26. Rxd7 Qxd7 27. Bg5 Rf8
28. Rd1 Qf7 29. exf5 Bxf5 30. Qc5 Nd5 31. Bd2 Be4 32. f4 Qe6 33. Re1 Bxg2 34.
Kxg2 Qe4+ 35. Kg1 Qd3 36. Qc1 Re8 37. Kf2 Nf6 38. Qc4+ Qxc4 39. bxc4 Ne4+ 40.
Ke3 Nxg3+ 41. Kd3 Nxe2 42. Rxe2 Rxe2 0-1

[Event "Benidorm 2003 - sub2300"]
[Site "Benidorm ESP"]
[Date "2003.11.25"]
[Round "6.42"]
[White "Ballesteros Gonzalez, David"]
[Black "Monmeneu Chulia, Victor"]
[Result "1-0"]
[WhiteElo "2259"]
[BlackElo "2133"]
[PlyCount "85"]
[EventDate "2003.11.21"]
[EventType "swiss"]
[EventRounds "9"]
[EventCountry "ESP"]
[Source "lmi"]
[SourceDate "2003.11.21"]

1. d4 Nf6 2. c4 d6 3. Nf3 Bf5 4. Nc3 h6 5. Qb3 Qc8 6. Nd2 Nbd7 7. e4 Bh7 8. Be2
e5 9. d5 Be7 10. Qc2 c6 11. dxc6 bxc6 12. O-O O-O 13. Qd3 Nc5 14. Qe3 Ne6 15.
Nb3 Nd7 16. Rd1 f5 17. f3 Qe8 18. exf5 Bxf5 19. Ne4 Bxe4 20. Qxe4 Rc8 21. Bd3
Nf6 22. Qf5 Qf7 23. Be3 c5 24. Rac1 g5 25. Qh3 Nh5 26. Be4 Kg7 27. g3 Rce8 28.
Bd5 Bd8 29. Bc6 Re7 30. Rxd6 Bc7 31. Rd2 Nd4 32. Bxd4 exd4 33. Nxc5 Nf6 34. Qg2
Rc8 35. Bb7 Rd8 36. Be4 Ba5 37. Rd3 Rc8 38. Nb3 Rxc4 39. Rxc4 Qxc4 40. Nxa5 Qb5
41. Qd2 Rxe4 42. fxe4 Nxe4 43. Qe2 1-0

[Event "Benidorm 2003 - sub2300"]
[Site "Benidorm ESP"]
[Date "2003.11.25"]
[Round "6.43"]
[White "Gimeno Martos, Roberto"]
[Black "Remizov, Juri"]
[Result "0-1"]
[WhiteElo "2131"]
[BlackElo "2255"]
[PlyCount "112"]
[EventDate "2003.11.21"]
[EventType "swiss"]
[EventRounds "9"]
[EventCountry "ESP"]
[Source "lmi"]
[SourceDate "2003.11.21"]

1. e4 a6 2. d4 b5 3. Nf3 Bb7 4. Bd3 Nf6 5. Qe2 e6 6. a4 c5 7. axb5 axb5 8. Rxa8
Bxa8 9. dxc5 b4 10. Bf4 Bxc5 11. Nbd2 Be7 12. O-O Nc6 13. Nc4 d5 14. exd5 Nxd5
15. Bg3 O-O 16. Rd1 Bf6 17. Be4 g6 18. Qd3 Re8 19. h3 Kg7 20. Nce5 Nxe5 21.
Nxe5 Qc8 22. Ra1 Re7 23. Ra5 Bb7 24. Nc4 Ba6 25. b3 Nc3 26. Qe3 Bxc4 27. Rc5
Ne2+ 28. Kh2 Qd7 29. Rxc4 Qd1 30. f3 Nxg3 31. Kxg3 Qd6+ 32. Kf2 Rd7 33. Bd3 Bd4
34. Qxd4+ Qxd4+ 35. Rxd4 Rxd4 36. Ke3 Rd6 37. g4 Kf6 38. f4 h6 39. h4 Rd5 40.
Be2 Ke7 41. Bd3 Kd6 42. Be2 e5 43. Bc4 exf4+ 44. Kxf4 Rd4+ 45. Ke3 Rxg4 46.
Bxf7 Ke5 47. h5 gxh5 48. Bxh5 Rg3+ 49. Kf2 Kf4 50. Be2 Rh3 51. Kg2 Rc3 52. Bd1
Ke3 53. Bg4 Rxc2+ 54. Kf1 Rf2+ 55. Kg1 Rb2 56. Be6 Kd4 0-1

[Event "Benidorm 2003 - sub2300"]
[Site "Benidorm ESP"]
[Date "2003.11.25"]
[Round "6.44"]
[White "Reig Pinol, Armand"]
[Black "Serna Lara, Sergio"]
[Result "1-0"]
[WhiteElo "2124"]
[BlackElo "2235"]
[PlyCount "71"]
[EventDate "2003.11.21"]
[EventType "swiss"]
[EventRounds "9"]
[EventCountry "ESP"]
[Source "lmi"]
[SourceDate "2003.11.21"]

1. d4 d5 2. Nf3 Nf6 3. e3 c5 4. b3 Nc6 5. Bb2 e6 6. Bd3 Qc7 7. a3 Bd6 8. c4
dxc4 9. bxc4 Qe7 10. O-O O-O 11. Nc3 e5 12. Nd5 Nxd5 13. cxd5 e4 14. dxc5 Bxc5
15. dxc6 exd3 16. Qxd3 bxc6 17. Rac1 Bb6 18. Qc3 f6 19. Qxc6 Bb7 20. Qc4+ Kh8
21. Qg4 Rad8 22. Nd4 Rd5 23. h4 f5 24. Qg5 Qf7 25. Ne6 Rg8 26. Nf4 Rb5 27. h5
Re8 28. Ba1 Bd8 29. Qg3 h6 30. Rfd1 Rb6 31. Rc5 Be4 32. Re5 Rxe5 33. Rxd8+ Kh7
34. Bxe5 Rb1+ 35. Kh2 Qe7 36. Rh8+ 1-0

[Event "Benidorm 2003 - sub2300"]
[Site "Benidorm ESP"]
[Date "2003.11.25"]
[Round "6.45"]
[White "Picazo Lopez, Juan Antonio"]
[Black "Acebal Muniz, Antonio"]
[Result "0-1"]
[WhiteElo "2113"]
[BlackElo "2230"]
[PlyCount "106"]
[EventDate "2003.11.21"]
[EventType "swiss"]
[EventRounds "9"]
[EventCountry "ESP"]
[Source "lmi"]
[SourceDate "2003.11.21"]

1. d4 d5 2. c4 e6 3. Nc3 Nf6 4. cxd5 exd5 5. Bg5 Nbd7 6. e3 Be7 7. Qc2 O-O 8.
Bd3 c6 9. Nge2 Re8 10. O-O Nf8 11. f3 Ng6 12. e4 dxe4 13. fxe4 Ng4 14. Bxe7
Qxe7 15. Rf3 Nh4 16. Rg3 Qf6 17. Rf1 Qh6 18. Qc1 Be6 19. Qf4 Ng6 20. Qxh6 Nxh6
21. e5 Rad8 22. b4 Ne7 23. Ne4 Nd5 24. Nd6 Re7 25. a3 Bg4 26. Nf4 Nxf4 27. Rxf4
Be6 28. Ne4 Kh8 29. Ng5 Red7 30. Bxh7 Rxd4 31. Rxd4 Rxd4 32. Nxe6 fxe6 33. Rd3
Rd5 34. Bg6 Kg8 35. Kf2 Ng4+ 36. Kg3 Nxe5 37. Rxd5 cxd5 38. Bc2 Kf7 39. Kf4 Nc4
40. a4 Kf6 41. h4 e5+ 42. Kf3 b6 43. g4 g5 44. hxg5+ Kxg5 45. Bf5 e4+ 46. Bxe4
Nd2+ 47. Ke3 Nxe4 48. Kd4 Nf6 49. a5 Kxg4 50. Ke5 bxa5 51. bxa5 Kf3 52. a6 Ke3
53. Kxf6 d4 0-1

[Event "Benidorm 2003 - sub2300"]
[Site "Benidorm ESP"]
[Date "2003.11.25"]
[Round "6.46"]
[White "Tscharotschkin, Michael"]
[Black "Ilmoni, Tommy"]
[Result "1-0"]
[WhiteElo "2214"]
[BlackElo "2150"]
[PlyCount "71"]
[EventDate "2003.11.21"]
[EventType "swiss"]
[EventRounds "9"]
[EventCountry "ESP"]
[Source "lmi"]
[SourceDate "2003.11.21"]

1. e4 c6 2. d4 d5 3. Nc3 dxe4 4. Nxe4 Nf6 5. Nxf6+ gxf6 6. Bc4 Bf5 7. Ne2 e6 8.
Ng3 Bg6 9. O-O Nd7 10. Re1 Nb6 11. Bb3 Qc7 12. Qf3 Be7 13. Bh6 O-O-O 14. Bg7
Rhg8 15. Bxf6 Bxf6 16. Qxf6 h5 17. Rad1 Nd5 18. Bxd5 Rxd5 19. Rxe6 h4 20. Re7
Qd8 21. Qxh4 Bxc2 22. Rde1 Rxd4 23. Qf6 Bg6 24. Qe5 Rd5 25. Qe3 Qa5 26. a3 Rgd8
27. b4 Qa4 28. Qf4 R5d7 29. Rxd7 Rxd7 30. h4 Qxa3 31. h5 Bc2 32. Re8+ Rd8 33.
Rxd8+ Kxd8 34. Qb8+ Ke7 35. Qxb7+ Kf8 36. Qxc6 1-0